[Event "39th WCO"]
[Site "0:01.36-0:13.34"]
[Date "2010.09.28"]
[Round "07"]
[White "Lafuente, Pablo"]
[Black "Grandelius, Nils"]
[Result "1-0"]
[WhiteTitle "GM"]
[WhiteElo "2565"]
[WhiteCountry "ARG"]
[BlackTitle "GM"]
[BlackElo "2500"]
[BlackCountry "SWE"]
[Remark "Open Sect.  M 14 B 4"]
[PresId "1001070144"]

1. Nf3 d5 2. d4 Nf6 3. c4 e6 4. g3 Bb4+ 5. Bd2 Be7 6. Bg2 O-O 7. O-O
c6 8. Bf4 Nbd7 9. Qb3 b6 10. Nc3 Bb7 11. cxd5 cxd5 12. Rfc1 Nh5 13.
Be3 Nhf6 14. a4 a6 15. Bg5 Rc8 16. e3 h6 17. Bxf6 Nxf6 18. Ne5 Qd6 19.
a5 b5 20. Na4 bxa4 21. Qxb7 Rb8 22. Qc6 Rxb2 23. Qxa4 Rfb8 24. Rc6
R8b4 25. Rc8+ Bf8 26. Qd1 R4b3 27. Nd3 Rb8 28. Rcc1 R2b5 29. Ne5 Ra8
30. Bf1 Rb2 31. Rc6 Qd8 32. Qc1 Rab8 33. Bxa6 Ne4 34. Rc2 Rxc2 35.
Qxc2 Ra8 36. Qc6 Bb4 37. Qb7 Qf8 38. Nd7 Qd8 39. Qxb4 Qxd7 40. Bb7 Ra7
41. a6 Qc7 42. Qb2 Nd6 43. Rc1 Qa5 44. Rc5 Qe1+ 45. Kg2 Ne4 46. Rc1
Qa5 47. Ra1 Qc7 48. Qa3 Qc2 49. Ra2 Qd1 50. Qb2 g6 51. h4 Qd3 52. Bxd5
exd5 53. Qb8+ Kg7 54. Qxa7 Qb1 55. Re2 Nc3 56. Qb7 Qe4+ 57. f3 Qd3 58.
Rb2 Nd1 59. a7 Nxe3+ 60. Kh2 Nf1+ 61. Kg1 Nd2 62. Rxd2 Qxd2 63. a8Q
Qe1+ 64. Kg2 Qe2+ 65. Kh3 h5 66. Qaa6 Qe1 67. Qb2 Qh1+ 68. Qh2 Qf1+
69. Qxf1 1-0
*

[Event "39th WCO"]
[Site "0:03.29-0:00.54"]
[Date "2010.09.28"]
[Round "07"]
[White "Berbatov, Kiprian"]
[Black "Noritsyn, Nikolay"]
[Result "1-0"]
[WhiteTitle "IM"]
[WhiteElo "2461"]
[WhiteCountry "BUL"]
[BlackTitle "IM"]
[BlackElo "2414"]
[BlackCountry "CAN"]
[Remark "Open Sect.  M 18 B 4"]
[PresId "1001070184"]

1. e4 c5 2. Nf3 Nc6 3. d4 cxd4 4. Nxd4 e6 5. Nc3 d6 6. Be3 Nf6 7. Bc4
Na5 8. Bd3 a6 9. Qe2 Be7 10. O-O-O Qc7 11. g4 Nd7 12. Nf5 exf5 13. Nd5
Qd8 14. exf5 O-O 15. h4 Re8 16. g5 Bf8 17. f6 Rxe3 18. Qxe3 Ne5 19. h5
Nxd3+ 20. Qxd3 Be6 21. g6 Rc8 22. Rdg1 Bxd5 23. gxh7+ Kh8 24. Rxg7
Bxg7 25. fxg7+ Kxg7 26. Rg1+ Kh6 27. Rg8 Qxg8 28. hxg8Q Rxg8 29. Qxd5
Rg1+ 30. Kd2 Rg5 31. Qxf7 Rxh5 32. b4 Nc6 33. Qxb7 Ne5 34. Qxa6 Kg7
35. a4 Rh2 36. Ke2 1-0
*

[Event "39th WCO"]
[Site "0:08.46-0:33.45"]
[Date "2010.09.28"]
[Round "07"]
[White "Cmilyte, Viktorija"]
[Black "Hammer, Jon Ludvig"]
[Result "1/2-1/2"]
[WhiteTitle "GM"]
[WhiteElo "2513"]
[WhiteCountry "LTU"]
[BlackTitle "GM"]
[BlackElo "2633"]
[BlackCountry "NOR"]
[Remark "Open Sect.  M 22 B 2"]
[PresId "1001070222"]

1. d4 Nf6 2. c4 e6 3. Nc3 Bb4 4. Qc2 d5 5. cxd5 exd5 6. Bg5 c5 7. dxc5
h6 8. Bh4 g5 9. Bg3 Ne4 10. e3 Qa5 11. Ne2 Bf5 12. Bxb8 Rxb8 13. Nd4
Bd7 14. Bd3 Ba4 15. Qxa4+ Qxa4 16. Bb5+ Qxb5 17. Nxb5 Rc8 18. Ke2 Bxc3
19. Nxc3 Nxc3+ 20. bxc3 Rxc5 21. Rhb1 b6 22. a4 Kd7 23. Ra3 Rhc8 24.
Kd3 Kd6 25. Rb4 Rc4 26. Rb2 R8c5 27. f3 f5 28. h3 Kc6 29. Rb5 h5 30.
g3 h4 31. g4 f4 32. e4 dxe4+ 33. fxe4 Kd6 34. Rxc5 Rxc5 35. Kd4 Ke6
36. Rb3 Ra5 37. Rb4 Kd6 38. c4 Ke7 39. Kd3 Ke6 40. Kd4 Kf6 41. Kd3 Rc5
42. Kd4 Ke7 43. Kd3 Kd6 44. Kd4 Ke6 45. Rb5 Kf6 46. Rb4 Kf7 47. Rb5
Kg6 48. Kd3 Kg7 49. Kd4 Kf6 50. Rb4 Ra5 51. Kd3 Ke5 52. Rb5+ Rxb5 53.
cxb5 f3 54. Ke3 f2 55. Kxf2 Kxe4 56. Ke2 Kd4 57. Kd2 Ke4 58. Ke2 Kf4
59. Kf2 Ke4 1/2-1/2
*

[Event "39th WCO"]
[Site "0:51.09-0:33.53"]
[Date "2010.09.28"]
[Round "07"]
[White "Sipila, Vilka"]
[Black "Solomon, Stephen J"]
[Result "0-1"]
[WhiteElo "2231"]
[WhiteCountry "FIN"]
[BlackTitle "IM"]
[BlackElo "2396"]
[BlackCountry "AUS"]
[Remark "Open Sect.  M 26 B 4"]
[PresId "1001070264"]

1. e4 e6 2. d4 d5 3. Bd3 dxe4 4. Bxe4 Nf6 5. Bf3 c5 6. Ne2 Nc6 7. Be3
e5 8. Bxc6+ bxc6 9. dxe5 Qxd1+ 10. Kxd1 Ng4 11. Nd2 Ba6 12. Nf3 Be7
13. Nc3 O-O-O+ 14. Kc1 Nxe3 15. fxe3 g5 16. Nd2 h5 17. Nde4 Rh6 18.
Ng3 Re6 19. Rd1 Rxe5 20. e4 g4 21. Rxd8+ Kxd8 22. Kd2 Bg5+ 23. Ke1 Kc7
24. Nxh5 Bh4+ 25. Ng3 f5 26. Kd2 f4 27. Nf5 Bg5 28. h4 gxh3 29. gxh3
Rxf5 30. h4 Re5 31. hxg5 Rxg5 32. Na4 Bb5 33. c4 Rg2+ 34. Kd3 Rg3+ 35.
Ke2 Re3+ 36. Kd2 Bxa4 37. b3 Rxe4 38. Rh1 Kb6 39. Rh4 Rd4+ 40. Kc3 f3
41. Rh2 Re4 42. Rf2 Re3+ 43. Kd2 Re2+ 44. Rxe2 fxe2 45. Kxe2 Ka5 46.
Kd2 Bxb3 47. axb3 Kb4 48. Kc2 Ka3 49. Kc3 a5 50. Kc2 Ka2 51. Kc3 Kb1
52. b4 axb4+ 53. Kb3 Kc1 54. Ka2 Kc2 55. Ka1 Kc3 56. Ka2 Kxc4 57. Kb1
Kc3 58. Ka2 b3+ 59. Ka1 b2+ 60. Kb1 c4 61. Ka2 Kc2 62. Ka3 c3 63. Kb4
b1Q+ 64. Kc4 Qg1 65. Kb4 Qg5 66. Kc4 Qd5+ 67. Kb4 Qb5+ 68. Ka3 Qa5#
0-1
*

[Event "39th WCO"]
[Site "0:03.01-0:00.05"]
[Date "2010.09.28"]
[Round "07"]
[White "Amonatov, Farrukh"]
[Black "Esen, Baris"]
[Result "1-0"]
[WhiteTitle "GM"]
[WhiteElo "2602"]
[WhiteCountry "TJK"]
[BlackTitle "IM"]
[BlackElo "2538"]
[BlackCountry "TUR"]
[Remark "Open Sect.  M 33 B 1"]
[PresId "1001070331"]

1. e4 c5 2. Nf3 d6 3. d4 cxd4 4. Nxd4 Nf6 5. Nc3 a6 6. Be3 e5 7. Nb3
Be6 8. f4 exf4 9. Bxf4 Nc6 10. Qd2 d5 11. O-O-O Nxe4 12. Nxe4 dxe4 13.
Qe3 Qf6 14. Qxe4 Be7 15. Bd3 Nb4 16. Be5 Qg5+ 17. Kb1 Bd5 18. Qe1 Rd8
19. Bc3 Bxb3 20. Bxb4 Be6 21. h4 Bxb4 22. Qxb4 Qe7 23. Qe4 Bd5 24. Qg4
g6 25. h5 O-O 26. Rde1 Qf6 27. Rhf1 Qg7 28. Qg5 h6 29. Qg4 g5 30. Qe2
Rd6 31. g4 Be6 32. Bf5 Rfd8 33. Bxe6 Rxe6 34. Qf3 Rxe1+ 35. Rxe1 Qd4
36. a3 Rd7 37. Qf5 Kg7 38. Rf1 Re7 39. a4 Qe5 40. Qf3 Rd7 41. Rd1 Rc7
42. Rd5 Qe1+ 43. Rd1 Qe5 44. Rd5 Qe1+ 45. Rd1 Qb4 46. Qf5 Re7 47. b3
Qc3 48. Qd5 Qf6 49. Qc4 b5 50. Qb4 bxa4 51. Qxa4 Re5 52. Qd4 a5 53.
Qc4 Qe7 54. Rf1 Kg8 55. Rd1 Kg7 56. Rf1 Kg8 57. Rd1 Rc5 58. Qd4 Rb5
59. Kb2 Rb4 60. Qd8+ Qxd8 61. Rxd8+ Kg7 62. c4 a4 63. Ka3 Rxb3+ 64.
Kxa4 Rb1 65. c5 Kf6 66. c6 Rc1 67. Kb5 Ke5 68. Kb6 Rb1+ 69. Ka6 Ra1+
70. Kb7 Rb1+ 71. Kc8 f5 72. gxf5 g4 73. Rg8 Kxf5 74. c7 Rb3 75. Kd7
Rd3+ 76. Ke7 Rc3 77. c8Q+ Rxc8 78. Rxc8 Kg5 79. Rc5+ Kh4 80. Kf6 g3
1-0
*

[Event "39th WCO"]
[Site "1:01.38-0:19.20"]
[Date "2010.09.28"]
[Round "07"]
[White "Savitskiy, Sergey"]
[Black "Huguet, Sergio"]
[Result "1-0"]
[WhiteElo "2373"]
[WhiteCountry "RU5"]
[BlackTitle "FM"]
[BlackElo "2142"]
[BlackCountry "HON"]
[Remark "Open Sect.  M 37 B 3"]
[PresId "1001070373"]

1. e4 d5 2. exd5 Qxd5 3. Nc3 Qa5 4. Bc4 Nf6 5. d3 c6 6. Bd2 Bf5 7. Qe2
e6 8. O-O-O Bb4 9. a3 Bxc3 10. Bxc3 Qd8 11. h3 Nd5 12. Bd2 b5 13. Ba2
Nd7 14. g4 Bg6 15. f4 O-O 16. h4 h6 17. h5 Bh7 18. Nf3 Qc7 19. Ne5
Nxe5 20. fxe5 c5 21. g5 hxg5 22. h6 Bf5 23. hxg7 Rfc8 24. Bxd5 exd5
25. Qh5 f6 26. Qh8+ Kf7 27. g8Q+ Rxg8 28. Qxf6+ Ke8 29. Qxf5 1-0
*

[Event "39th WCO"]
[Site "0:12.33-0:20.28"]
[Date "2010.09.28"]
[Round "07"]
[White "Wasim, Akram"]
[Black "Rama, Lorenc"]
[Result "0-1"]
[WhiteElo "2054"]
[WhiteCountry "PAK"]
[BlackTitle "FM"]
[BlackElo "2276"]
[BlackCountry "ALB"]
[Remark "Open Sect.  M 41 B 3"]
[PresId "1001070413"]

1. d4 Nf6 2. Nf3 c5 3. e3 g6 4. Bd3 Bg7 5. O-O O-O 6. c3 d5 7. Nbd2
Nbd7 8. Qe2 Qc7 9. b3 e5 10. dxe5 Nxe5 11. Nxe5 Qxe5 12. Bb2 Ne4 13.
f4 Qe7 14. Nxe4 dxe4 15. Bc4 Rd8 16. Rad1 Be6 17. a4 b6 18. h3 h5 19.
Kf2 Bf6 20. Kg1 Bxc4 21. Qxc4 Qe6 22. Kf2 Qxc4 23. bxc4 Rxd1 24. Rxd1
Rd8 25. Rxd8+ Bxd8 26. Ke2 f5 27. Ba3 Bf6 28. Kd2 g5 29. fxg5 Bxg5 30.
Ke2 Bf6 31. Kd2 Kf7 32. Bc1 Be5 33. Kc2 Kf6 34. Bd2 Bg3 35. Kd1 Ke5
36. Ke2 a6 37. Bc1 Kd6 38. Kd1 Kc6 39. Kc2 Bf2 40. Bd2 f4 41. Kd1 fxe3
42. Bc1 h4 43. Ke2 Kd6 44. Ba3 a5 45. Bb2 Ke5 46. Ba3 Kf4 47. Bc1 Kg3
48. Bxe3 Bxe3 49. Kxe3 Kxg2 50. Kxe4 Kxh3 51. Kd5 Kg4 52. Kc6 h3 53.
Kxb6 h2 54. Kxa5 h1Q 55. Kb5 Qa8 56. a5 Kf5 57. Kxc5 Qxa5+ 58. Kd6
Qxc3 0-1
*

[Event "39th WCO"]
[Site "0:55.23-0:05.38"]
[Date "2010.09.28"]
[Round "07"]
[White "Ayyad, Husain"]
[Black "Young, Alan"]
[Result "1-0"]
[WhiteTitle "FM"]
[WhiteElo "2165"]
[WhiteCountry "BRN"]
[BlackElo "2009"]
[BlackCountry "WLS"]
[Remark "Open Sect.  M 58 B 4"]
[PresId "1001070584"]

1. e4 e5 2. Nf3 Nc6 3. d4 exd4 4. Bc4 Bc5 5. O-O d6 6. Ng5 Ne5 7. Bb3
h6 8. f4 hxg5 9. fxe5 Be6 10. Bxe6 fxe6 11. Qg4 Qd7 12. Bxg5 dxe5 13.
Kh1 Be7 14. Bxe7 Nxe7 15. Nd2 O-O-O 16. Rf7 g6 17. Qg5 Rde8 18. Nc4 b5
19. Nxe5 Qd6 20. Nf3 Rh5 21. Qg4 Reh8 22. h3 Nf5 23. Rf6 Qg3 24. Qxg3
Nxg3+ 25. Kh2 Nxe4 26. Rxg6 Re8 27. Re1 Nd6 28. Nxd4 e5 29. g4 Rh7 30.
Nf3 Rf7 31. Kg3 e4 32. Ng5 Rd7 33. Re6 Rxe6 34. Nxe6 Re7 35. Nf4 Kd7
36. h4 Ke8 37. h5 Kf7 38. g5 Kg7 39. Kg4 Kh7 40. h6 e3 41. Rh1 Ne4 42.
g6+ Kh8 43. Kf5 e2 44. g7+ Kh7 45. Rg1 Ng3+ 46. Kf6 Re8 47. Kf7 Rd8
48. Nxe2 Nxe2 49. g8Q+ 1-0
*

[Event "39th WCO"]
[Site "0:38.25-0:22.50"]
[Date "2010.09.28"]
[Round "07"]
[White "Reizniece, Dana"]
[Black "Leite, Catarina"]
[Result "0-1"]
[WhiteTitle "WGM"]
[WhiteElo "2318"]
[WhiteCountry "LAT"]
[BlackTitle "WIM"]
[BlackElo "2183"]
[BlackCountry "POR"]
[Remark "Women Sect. M 17 B 1"]
[PresId "1000070171"]

1. e4 e5 2. Nc3 Nc6 3. f4 exf4 4. Nf3 g5 5. h4 g4 6. Ng5 d5 7. Nxd5 h6
8. Nxf7 Kxf7 9. d4 Be6 10. Bc4 Na5 11. Bxf4 Nxc4 12. O-O Ke8 13. Nxc7+
Kd7 14. Nxe6 Kxe6 15. b3 Qxh4 16. g3 Qh5 17. bxc4 Rh7 18. Rb1 Rd7 19.
Rb5 Qh3 20. Re5+ Kf7 21. Rf2 Rad8 22. c3 Bd6 23. Rh2 Bxe5 24. Bxe5
Qxh2+ 25. Kxh2 h5 26. Qf1+ Ke8 27. Qf5 Rf7 28. Qxh5 Rd7 29. Qxg4 Ne7
30. d5 Rh7+ 31. Kg2 Rf7 32. Bd4 Nc8 33. e5 Rg7 34. Qh5+ Kf8 35. e6 Rh7
36. exd7 Rxh5 37. dxc8Q+ Kf7 38. Qe6+ Kf8 39. Qf6+ Ke8 40. Qg6+ Kd7
41. Qf7+ 0-1
*

[Event "39th WCO"]
[Site "0:31.23-0:00.23"]
[Date "2010.09.28"]
[Round "07"]
[White "Vasiliev, Olga"]
[Black "Reppen, Ellisiv"]
[Result "1-0"]
[WhiteTitle "WIM"]
[WhiteElo "2293"]
[WhiteCountry "ISR"]
[BlackElo "1954"]
[BlackCountry "NOR"]
[Remark "Women Sect. M 18 B 3"]
[PresId "1000070183"]

1. e4 e5 2. Nf3 Nc6 3. Bb5 a6 4. Ba4 Nf6 5. Qe2 Be7 6. O-O b5 7. Bb3
d6 8. c3 O-O 9. d4 Bg4 10. Rd1 Qc8 11. a4 Rb8 12. axb5 axb5 13. Be3 b4
14. Ba4 bxc3 15. bxc3 Na5 16. Nbd2 Nxe4 17. Nxe4 f5 18. Qa2+ Kh8 19.
Neg5 Bh5 20. dxe5 f4 21. Bc1 Bxg5 22. Nxg5 Qf5 23. Nf3 Bxf3 24. gxf3
Qh3 25. exd6 Rf5 26. Bxf4 Rxf4 27. dxc7 Rbf8 28. Rd8 Qxf3 29. c8Q Rg4+
30. Kf1 Qg2+ 31. Ke1 Qg1+ 32. Kd2 Qxf2+ 33. Kc1 Rg1+ 34. Bd1 Rxd1+ 35.
Kxd1 Qf1+ 36. Kc2 Qe2+ 37. Kc1 Qe3+ 38. Qd2 Nb3+ 39. Kb2 Qxd2+ 40.
Rxd2 1-0
*

[Event "39th WCO"]
[Site "Khanty-Mansiysk"]
[Date "2010.09.28"]
[Round "07"]
[White "Antonova, Nadezhda"]
[Black "Vega Gutierrez, Belinda"]
[Result "0-1"]
[WhiteElo "1838"]
[WhiteCountry "TJK"]
[BlackTitle "WFM"]
[BlackElo "2233"]
[BlackCountry "ESP"]
[Remark "Women Sect. M 19 B 2"]
[PresId "1000070192"]

1. d4 d5 2. c4 dxc4 3. Nf3 Nf6 4. e3 Bg4 5. Bxc4 e6 6. O-O Nbd7 7. h3
Bh5 8. Nc3 Bb4 9. Be2 O-O 10. Qb3 c5 11. dxc5 Qa5 12. c6 bxc6 13. Bd2
Rab8 14. Qc2 Bg6 15. Bd3 Bxd3 16. Qxd3 Rfd8 17. Qc2 Ne5 18. Nd4 Qa6
19. a3 Bf8 20. b4 c5 21. b5 Qd6 22. Nb3 Qd3 23. Rfc1 Rd7 24. Be1 Qg6
25. Qxg6 hxg6 26. Rc2 Nd3 27. Na5 Nd5 28. a4 N5b4 29. Re2 Nxe1 30.
Raxe1 Rbd8 31. Nc6 Nxc6 32. bxc6 Rc7 33. Rd1 Rxd1+ 34. Nxd1 Rxc6 35.
Rb2 c4 36. Kf1 c3 37. Rc2 Bb4 38. Ke2 Ba5 39. f3 Bb4 40. Kd3 Ra6 41.
Nxc3 Bxc3 42. Rxc3 Rxa4 43. Rc8+ Kh7 44. Ra8 g5 45. Kc3 Ra3+ 46. Kb4
Rxe3 47. Rxa7 Kg6 48. Ra2 Kf5 49. Kc4 Kf4 50. Ra7 f6 51. Rxg7 Re2 52.
Re7 Ke5 53. g3 Re3 54. Rd7 Rxf3 55. Rd3 Rxd3 56. Kxd3 f5 57. Ke3 f4+
58. Kf3 fxg3 59. Kxg3 Kf5 60. Kf3 e5 61. Ke3 e4 62. Kd4 0-1
*

[Event "39th WCO"]
[Site "0:55.28-0:20.01"]
[Date "2010.09.28"]
[Round "07"]
[White "Vojinovic, Jovana"]
[Black "Terao, Juliana Sayumi"]
[Result "1-0"]
[WhiteTitle "WGM"]
[WhiteElo "2319"]
[WhiteCountry "MNE"]
[BlackTitle "WFM"]
[BlackElo "2138"]
[BlackCountry "BRA"]
[Remark "Women Sect. M 21 B 1"]
[PresId "1000070211"]

1. Nf3 Nf6 2. c4 g6 3. Nc3 d5 4. cxd5 Nxd5 5. Qa4+ Nc6 6. Ne5 Nxc3 7.
bxc3 Bd7 8. Nxd7 Qxd7 9. Rb1 b6 10. g3 Rd8 11. Bg2 Na5 12. Qxd7+ Rxd7
13. d3 Bg7 14. Bd2 O-O 15. Rc1 c5 16. c4 Nb7 17. O-O Nd6 18. a4 e6 19.
Bh3 Rb8 20. Rc2 Rdd8 21. Rb1 h6 22. Bg2 Nf5 23. Ra2 Nd4 24. Bf4 e5 25.
Bc1 a6 26. Be3 Nf5 27. Ra3 Nxe3 28. fxe3 Bf8 29. Rab3 Rd6 30. a5 Be7
31. axb6 Bd8 32. b7 Kf8 33. Ra3 Ke7 34. Rba1 a5 35. Rxa5 Bxa5 36. Rxa5
Kd8 37. Rxc5 Re6 38. Bd5 Rf6 39. d4 Rf5 40. Bg2 exd4 41. Rc8+ Rxc8 42.
bxc8Q+ Kxc8 43. Bh3 dxe3 44. Bxf5+ gxf5 45. Kg2 Kc7 46. Kf3 Kd6 47.
Kxe3 Ke5 48. c5 1-0
*

[Event "39th WCO"]
[Site "0:12.05-0:15.55"]
[Date "2010.09.28"]
[Round "07"]
[White "Ramirez, M  Eugenia"]
[Black "Vasquez Ramirez, Rocio"]
[Result "1/2-1/2"]
[WhiteElo "2031"]
[WhiteCountry "BOL"]
[BlackTitle "WIM"]
[BlackElo "2227"]
[BlackCountry "ECU"]
[Remark "Women Sect. M 22 B 2"]
[PresId "1000070222"]

1. e4 d5 2. exd5 Qxd5 3. Nc3 Qa5 4. d4 c6 5. Nf3 Nf6 6. Bc4 Bf5 7. Ne5
e6 8. g4 Be4 9. f3 Bd5 10. Qd3 Nbd7 11. Nxd7 Nxd7 12. Bxd5 cxd5 13.
Bd2 Bb4 14. Ne2 Rc8 15. c3 Be7 16. Bf4 b5 17. b4 Qa4 18. Kf2 Rc4 19.
Qd1 Nb6 20. h4 Qxd1 21. Raxd1 Na4 22. Bd2 Kd7 23. Rb1 Rc6 24. Rb3 Rhc8
25. h5 Nb6 26. Ra3 Ra8 27. Rb3 Nc4 28. Bf4 Ra6 29. Ra1 f6 30. Rbb1 Ra3
31. Bc1 Ra4 32. Nf4 a5 33. bxa5 R8xa5 34. a3 Bxa3 35. Bxa3 Nxa3 36.
Rb3 Nc4 37. Re1 Nd2 38. Rb2 Ra2 39. Rxa2 Rxa2 40. Re2 e5 41. dxe5 fxe5
42. Nxd5 e4 43. f4 Rb2 44. Ne3 Ke6 45. Nf5 g6 46. hxg6 hxg6 47. Ng3
Kd5 48. f5 gxf5 49. gxf5 Ke5 50. f6 Kxf6 51. Ke3 Nc4+ 52. Kxe4 Rxe2+
53. Nxe2 Na3 54. Kd5 Nb1 55. Kc5 Nxc3 56. Nxc3 b4 57. Kxb4 Ke5 1/2-1/2
*

[Event "39th WCO"]
[Site "0:07.53-0:05.45"]
[Date "2010.09.28"]
[Round "07"]
[White "Kaya, Emel"]
[Black "Guo, Emma"]
[Result "0-1"]
[WhiteElo "2070"]
[WhiteCountry "TUR"]
[BlackTitle "WFM"]
[BlackElo "1964"]
[BlackCountry "AUS"]
[Remark "Women Sect. M 24 B 3"]
[PresId "1000070243"]

1. e4 e5 2. Nf3 Nc6 3. Bc4 Nf6 4. d3 Be7 5. O-O O-O 6. Re1 d6 7. c3
Na5 8. Bb5 a6 9. Ba4 b5 10. Bc2 c5 11. Nbd2 Re8 12. Nf1 Nc6 13. a4 Bd7
14. Ne3 Bf8 15. Bb3 h6 16. Nd5 Nxd5 17. Bxd5 Qf6 18. d4 Rac8 19. axb5
axb5 20. Be3 exd4 21. cxd4 Bg4 22. Bxc6 Rxc6 23. h3 Bh5 24. g4 Bg6 25.
e5 dxe5 26. dxe5 Qe7 27. Qd5 Rcc8 28. Bf4 Red8 29. Qa2 Rd3 30. Be3 Be4
31. Qa6 Rcd8 32. Nd2 Qxe5 33. Nxe4 Qxe4 34. Bg5 Qd5 35. Bxd8 Rxh3 36.
Kf1 Qd3+ 37. Kg1 Qxd8 0-1
*

[Event "39th WCO"]
[Site "0:11.04-0:12.31"]
[Date "2010.09.28"]
[Round "07"]
[White "Nemcova, Katerina"]
[Black "Basnayake, I U"]
[Result "1-0"]
[WhiteTitle "WGM"]
[WhiteElo "2283"]
[WhiteCountry "CZE"]
[BlackElo "1746"]
[BlackCountry "SRI"]
[Remark "Women Sect. M 28 B 2"]
[PresId "1000070282"]

1. e4 c5 2. Nf3 Nc6 3. d4 cxd4 4. Nxd4 Nf6 5. Nc3 e5 6. Ndb5 d6 7. Bg5
a6 8. Na3 b5 9. Nd5 Be7 10. Bxf6 Bxf6 11. c3 Bg5 12. Nc2 O-O 13. a4
bxa4 14. Rxa4 a5 15. Bc4 Rb8 16. b3 Kh8 17. O-O f5 18. exf5 Bxf5 19.
Nce3 Bg6 20. Be2 e4 21. Nc4 Bf7 22. Kh1 Be6 23. Ra3 Rf5 24. Nce3 Rf8
25. c4 Bxe3 26. Nxe3 Nb4 27. Bg4 Bg8 28. Qa1 Nd3 29. Kg1 Nc5 30. Qc3
h6 31. Bd1 Nb7 32. Qd4 Nc5 33. Bc2 Bh7 34. Qd2 Nb7 35. Nd5 Qh4 36. Qd4
Ra8 37. Nb6 Rae8 38. Nd5 Qd8 39. b4 axb4 40. Ra7 Rf7 41. Nxb4 Ref8 42.
Ra6 Qf6 43. Qd2 Qe6 44. Nd5 Nc5 45. Raa1 Qe5 46. Rae1 Qb2 47. Rb1 Qe5
48. Ne3 Ra7 49. Rb6 Ra6 50. Rxa6 Nxa6 51. Rd1 Qf4 52. Nf1 Nc5 53. Qxf4
Rxf4 54. Rxd6 Rf8 55. Ne3 Nd3 56. f3 Ra8 57. Bxd3 exd3 58. c5 Kg8 59.
c6 Ra1+ 60. Kf2 Rc1 61. g4 Kf8 62. Nf1 Rc2+ 63. Ke1 Rc1+ 64. Kd2 Rxf1
65. Rd8+ Ke7 66. c7 Rf2+ 67. Ke1 Rc2 68. c8Q d2+ 69. Kd1 Rc1+ 70. Kxd2
Rxc8 71. Rxc8 Kf6 72. Ke3 Bb1 73. f4 Ba2 74. Rc6+ Kf7 75. Ke4 Bb1+ 76.
Ke5 Bd3 77. h4 Be2 78. g5 hxg5 79. hxg5 Bf3 80. Rb6 Bg4 81. f5 Be2 82.
g6+ Ke7 83. Rb7+ Kf8 84. Rb8+ Ke7 85. Rg8 Bc4 86. Rxg7+ Kf8 87. f6 Bb3
88. Rb7 Bf7 89. Rb8+ Be8 90. g7+ Kf7 91. Rxe8 Kxe8 92. g8Q+ Kd7 93.
Qe6+ Kd8 94. Qe7+ Kc8 95. f7 Kb8 96. f8Q# 1-0
*

[Event "39th WCO"]
[Site "0:21.08-0:11.59"]
[Date "2010.09.28"]
[Round "07"]
[White "Lujan, Carolina"]
[Black "Vovk, Oksana"]
[Result "1-0"]
[WhiteTitle "IM"]
[WhiteElo "2312"]
[WhiteCountry "ARG"]
[BlackTitle "WIM"]
[BlackElo "2157"]
[BlackCountry "DEN"]
[Remark "Women Sect. M 33 B 1"]
[PresId "1000070331"]

1. e4 e6 2. d4 d5 3. Nc3 dxe4 4. Nxe4 Nd7 5. Nf3 Ngf6 6. Nxf6+ Nxf6 7.
c3 c5 8. Ne5 a6 9. Qa4+ Nd7 10. Be3 f6 11. Nf3 Kf7 12. Rd1 Qc7 13. Qc2
Nb6 14. Bd3 cxd4 15. Bxd4 g6 16. h4 Rg8 17. h5 Nd5 18. hxg6+ hxg6 19.
Rh7+ Rg7 20. Rxg7+ Bxg7 21. Bxg6+ Kg8 22. Bh7+ Kf8 23. c4 Ne7 24. Bd3
e5 25. Bc3 Be6 26. Nh4 a5 27. Qe2 Rd8 28. f4 Qc5 29. Nf3 Nc6 30. fxe5
fxe5 31. Ng5 Bg8 32. Ne4 Qe7 33. Qf2+ Qf7 34. Qxf7+ Bxf7 35. Be2 Rxd1+
36. Kxd1 b6 37. b3 Ke7 38. Bd2 Kd7 39. Be3 Nd4 40. Bxd4 exd4 41. Bd3
Bh5+ 42. Kc2 Be5 43. Nf2 Ke7 44. Bf5 Be8 45. Ng4 Bg7 46. Kd3 Kd6 47.
Nh2 Kc5 48. Nf3 Bf7 49. Ng5 Bg8 50. Be6 Bh6 51. Ke4 1-0
*

[Event "39th WCO"]
[Site "0:07.07-0:22.53"]
[Date "2010.09.28"]
[Round "07"]
[White "Sischy, Monique Sian"]
[Black "Stojkovska, Monika"]
[Result "1-0"]
[WhiteTitle "WCM"]
[WhiteElo "1980"]
[WhiteCountry "RSA"]
[BlackElo "1928"]
[BlackCountry "MKD"]
[Remark "Women Sect. M 41 B 3"]
[PresId "1000070413"]

1. e4 c5 2. Nc3 Nc6 3. Bb5 e6 4. Bxc6 bxc6 5. d3 d5 6. f4 Nf6 7. Nf3
Be7 8. O-O O-O 9. Qe1 Ba6 10. b3 Rb8 11. Kh1 Nd7 12. Na4 c4 13. dxc4
dxc4 14. Rf2 Nf6 15. Bb2 Bb5 16. Rd2 Qa5 17. Bc3 Bb4 18. Bxb4 Qxb4 19.
a3 Qe7 20. Nc3 cxb3 21. cxb3 Rfd8 22. Rxd8+ Rxd8 23. Ne5 Qc5 24. b4
Qb6 25. Rc1 Nd7 26. Nxd7 Rxd7 27. e5 Rd3 28. Qe4 Re3 29. Qc2 Bd3 30.
Qf2 h6 31. Na4 Qd4 32. Rd1 Re4 33. Qxd4 Rxd4 34. Nc5 Rxf4 35. Nxd3 Re4
36. Rd2 f6 37. exf6 gxf6 38. Kg1 Rd4 39. Kf2 e5 40. Ke3 Rc4 41. Nc5
Rc3+ 42. Rd3 Rc2 43. Kf3 f5 44. Re3 e4+ 45. Kf4 Rf2+ 46. Ke5 Kf7 47.
g3 Kg6 48. h4 Rd2 49. g4 fxg4 50. Nxe4 Rh2 51. Kf4 Rxh4 52. Ng3 Kf6
53. Rc3 h5 54. Rxc6+ Ke7 55. Rh6 Rh2 56. Rh7+ Kd6 57. Rxa7 Kc6 58. Ra5
h4 59. Nf5 g3 60. Nxg3 Rf2+ 61. Kg4 hxg3 62. Kxg3 Rf1 63. Kg4 Kb6 64.
Kg3 Rf8 65. a4 Rf1 66. Re5 Rf6 67. Kg4 Rf1 68. Re6+ Ka7 69. b5 Ra1 70.
Ra6+ Kb7 71. Kf5 Re1 72. a5 Rf1+ 73. Ke4 Re1+ 74. Kd3 Rd1+ 75. Kc2 Rh1
76. Re6 Rh2+ 77. Kd3 Rh3+ 78. Kd4 Rh4+ 79. Kd5 Rh5+ 80. Re5 Rh1 81.
Re7+ Kb8 82. b6 Ra1 83. Ke4 1-0
*

[Event "39th WCO"]
[Site "0:47.28-0:08.47"]
[Date "2010.09.28"]
[Round "07"]
[White "Richards, Deborah"]
[Black "Awad, Omaima"]
[Result "1/2-1/2"]
[WhiteTitle "WFM"]
[WhiteElo "2003"]
[WhiteCountry "JAM"]
[BlackTitle "WCM"]
[BlackElo "1669"]
[BlackCountry "YEM"]
[Remark "Women Sect. M 43 B 1"]
[PresId "1000070431"]

1. d4 Nf6 2. Bg5 g6 3. Bxf6 exf6 4. c4 Bg7 5. Nc3 d6 6. e3 O-O 7. Bd3
Nd7 8. Nf3 f5 9. O-O Nf6 10. Rc1 Re8 11. Nd2 c5 12. d5 a6 13. a3 Bd7
14. Qc2 Rb8 15. a4 Rc8 16. Rce1 Nh5 17. Ne2 Qa5 18. b3 b5 19. axb5
axb5 20. e4 fxe4 21. Nxe4 bxc4 22. bxc4 Qc7 23. Rb1 Nf6 24. N4c3 Rb8
25. Rxb8 Rxb8 26. Rb1 Ng4 27. Rxb8+ Qxb8 28. Qb1 Qxb1+ 29. Bxb1 Ne5
30. Ba2 Kf8 31. f4 Nd3 32. g3 Bh3 33. Ne4 Bg4 34. N4c3 Bh3 35. Bb1 Nb2
36. Ba2 Nd3 37. Bb3 Ke7 38. Nd1 Bg4 39. Ndc3 Bh3 40. Ba2 Kd7 41. Nb5
Bg4 42. Nec3 Bxc3 43. Nxc3 Nc1 44. Bb1 Ne2+ 45. Nxe2 Bxe2 46. Ba2 Ke7
47. Kf2 Bg4 48. Bb1 Kf6 49. Bd3 Bf5 50. Bxf5 Kxf5 51. Kf3 h5 52. h3 g5
53. g4+ hxg4+ 54. hxg4+ Kf6 55. Ke4 gxf4 56. Kxf4 Kg6 57. g5 f6 58.
gxf6 Kxf6 59. Kg4 Ke5 60. Kg5 Kd4 61. Kf6 Kxc4 62. Ke6 Kb4 63. Kxd6 c4
64. Ke6 c3 65. d6 c2 66. d7 c1Q 67. Ke5 1/2-1/2
*

[Event "39th WCO"]
[Site "0:05.42-0:25.07"]
[Date "2010.09.28"]
[Round "07"]
[White "Naipal, Victoria"]
[Black "Moreno, Garcia Elizabeth"]
[Result "0-1"]
[WhiteTitle "WFM"]
[WhiteElo "1845"]
[WhiteCountry "SUR"]
[BlackTitle "WIM"]
[BlackElo "2024"]
[BlackCountry "VEN"]
[Remark "Women Sect. M 46 B 1"]
[PresId "1000070461"]

1. d4 d5 2. c4 c6 3. Nc3 Nf6 4. e3 e6 5. Nf3 Bd6 6. Bd3 Nbd7 7. e4
dxe4 8. Nxe4 Nxe4 9. Bxe4 f5 10. Bc2 O-O 11. O-O h6 12. Re1 Nf6 13.
Ne5 g5 14. h4 Nh7 15. Qh5 Qf6 16. hxg5 hxg5 17. f4 g4 18. Kf2 Qg7 19.
Rh1 Nf6 20. Qh6 Rd8 21. Be3 Bf8 22. Qxg7+ Bxg7 23. g3 Bd7 24. Rad1 Be8
25. b3 b6 26. Rd2 Rac8 27. Rhd1 Bf8 28. Kg2 Rd6 29. Bb1 Rcd8 30. Kg1
c5 31. Kf1 Nh5 32. Kf2 cxd4 33. Rxd4 Rxd4 34. Rxd4 Rxd4 35. Bxd4 Bd6
36. Bd3 Kf8 37. Bf1 Ke7 38. Bg2 Bc5 39. Bxc5+ bxc5 40. Bc6 Nf6 41.
Bxe8 Ne4+ 42. Kg2 Kxe8 43. Nc6 Nc3 44. a4 Ne4 45. Nxa7 Nd2 46. Nb5
Nxb3 47. Kf2 Nd2 48. Na3 Kd7 49. Nb5 Nxc4 50. Nc3 Kc6 51. Ke2 Nb6 52.
Kd3 Nd5 53. Ne2 Nf6 54. Kc4 Nd7 55. Nc3 e5 56. Nd5 Nb6+ 57. Nxb6 Kxb6
58. fxe5 f4 59. gxf4 g3 60. e6 Kc6 61. a5 g2 62. f5 g1Q 63. a6 Qf1+
0-1
*